| 000 | 00482nam a2200181 a 4500 | ||
|---|---|---|---|
| 001 | 1607 | ||
| 003 | CO-ViMGA | ||
| 008 | 141112s2004 ck r 000 u spa d | ||
| 040 |
_aCO-ViMGA _bspa _cCO-ViMGA |
||
| 082 | 0 | 4 | _a923.1 E574f |
| 100 | 1 | _aFraser, Antonia | |
| 245 | 1 | 0 | _aLas seis mujeres de enrique VIII |
| 260 |
_aBogotá : _bJavier Vergara, _c1993 |
||
| 300 | _a484 p : il | ||
| 490 | _aBiografia e historia | ||
| 650 | 1 | 4 |
_aENRIQUE VIII 1491 - 1547 _950060 |
| 942 |
_2ddc _cBK |
||
| 999 |
_c13784 _d13784 |
||